000 00319nam a22001457a 4500
008 210303b ||||| |||| 00| 0 eng d
020 _a9780471131700
041 _aeng
080 _a004
082 _a004
100 _a28
101 _aSHKI
245 _aThe IBM LAN Server sourcebook
_cSchrer, P
942 _2udc
_cBK
999 _c55628
_d55628